000 00286nam a2200133Ia 4500
100 _aGibson/Jerry D
250 _a2
942 _cRB
654 _amobile
245 _aMobile Communications Handbook
260 _bCRC press(Ieee)
_c1999
082 _a621.3845
_bGIB
546 _aENGLISH
999 _c25987
_d25987